00574 a2200169 4500010001400000020002600014035001300040037001600053082001100069100001700080245014300097260004500240270005400285300003000339500001900369700001600388 aENG-90192 a9788120335196c695.00 aEN-73725 bDBAD / PUB14a005.441 aMackin, J.C.1 aMCTS self-paced training kit (exam 70-643) : configuring Windows Server 2008 applications infrastructure/cby J.C. Mackin [and] Anil Desai aNew DelhibPrentice-Hall of Indiac2008 aM-97, Connaught CircusbNew DelhicDelhie110001 axxxiv, 673p.c27 cm ( Hb) aIncludes index aDesai, Anil